000 00589cam a22002173a 4500
001 44400
003 PGUSA
005 20140828084020.0
008 131209s2013||||xxu|||||s|||||000 | eng d
040 _aPGUSA
_beng
042 _adc
100 1 _aRobertson, Keith
245 1 0 _aTicktock and Jim
_h[electronic resource] /
_cKeith Robertson
260 _bProject Gutenberg,
_c2013
506 _aPublic domain in the USA.
516 _aElectronic text
700 1 _aDennis, Wesley
830 0 _aProject Gutenberg
_v44400
856 4 0 _uhttp://www.gutenberg.org/ebooks/44400
942 _cEB
999 _c273651
_d273651